Rozhovory s arcibiskupem Janem Graubnerem : (převážně o všedních hodinách jeho dnů) /

Hlavní autor: Žáček, Jan, 1932-2008
Jazyk: Čeština
Vydáno: Rosice u Brna : Gloria, 2003
Vydání: Vyd. 1.
Témata:
Externí odkaz: Digitalizovaný dokument
Fyzický popis: 122 s. : il., portréty ; 21 cm
Knihy
Uloženo v:
LEADER 01863nam a2200493 a 4500
001 000671253
003 CZ BrMZK
005 20110131150353.0
007 ta
008 030523s2003 xr ac f 000 macze d
015 |a cnb001247550 
020 |a 80-86200-90-6  |q (brož.) 
035 |a (OCoLC)53542652 
040 |a BOA001  |b cze 
043 |a e-xr--- 
045 |a x6y0 
072 7 |a 27  |x Křesťanství. Křesťanská církev všeobecně. Eklesiologie  |2 Konspekt  |9 5 
072 7 |a 929  |x Biografie  |2 Konspekt  |9 8 
080 |a 27-726.1  |2 MRF 
080 |a 272  |2 MRF 
080 |a 2-67  |2 MRF 
080 |a 2-6  |2 MRF 
080 |a 328/329  |2 MRF 
080 |a (437.3)  |2 MRF 
080 |a (047.53)  |2 MRF 
100 1 |a Žáček, Jan,  |d 1932-2008  |7 jk01152943  |4 aut 
245 1 0 |a Rozhovory s arcibiskupem Janem Graubnerem :  |b (převážně o všedních hodinách jeho dnů) /  |c Jan Žáček 
250 |a Vyd. 1. 
260 |a Rosice u Brna :  |b Gloria,  |c 2003 
300 |a 122 s. :  |b il., portréty ;  |c 21 cm 
600 1 7 |a Graubner, Jan,  |d 1948-  |7 jn19990009829  |2 czenas 
648 4 |a 1968-2003 
650 0 7 |a arcibiskupové  |7 ph118592  |z Česko  |y 20. stol.  |2 czenas 
650 0 7 |a katolicismus  |7 ph121523  |z Česko  |y 20. stol.  |2 czenas 
650 0 7 |a stát a církev  |7 ph116308  |z Česko  |y 1968-2003  |2 czenas 
655 7 |a rozhovory  |7 fd133303  |2 czenas 
648 7 |a 20. století  |7 ch460558  |2 czenas 
610 2 7 |a Katolická církev  |7 kn20010710145  |2 czenas 
651 7 |a Česko  |7 ge128065  |x náboženské poměry  |y 1968-2003  |2 czenas 
651 7 |a Česko  |7 ge128065  |x politika a vláda  |y 1968-2003  |2 czenas 
856 4 1 |u http://www.digitalniknihovna.cz/mzk/uuid/uuid:17d151d0-4aca-11e3-ad8c-005056827e52  |y Digitalizovaný dokument  |x NDK 
910 |a BOA001  |b 2-1117.726 
990 |a BK 
996 6 |b 2610190692  |c 2-1117.726  |l MZK  |r Sklad / do 1 hodiny  |n 5  |p p.v.  |w 000671253  |u 000010  |a 1  |e BOA001  |j MZK50  |s P